UBT Library

Investing in BRIC countries : (Record no. 938)

000 -LEADER
fixed length control field 00412nam a22001217a 4500
008 - FIXED-LENGTH DATA ELEMENTS--GENERAL INFORMATION
fixed length control field 150601b xxu||||| |||| 00| 0 eng d
020 ## - INTERNATIONAL STANDARD BOOK NUMBER
International Standard Book Number 9780071664066
020 ## - INTERNATIONAL STANDARD BOOK NUMBER
International Standard Book Number 0071664068
041 0# - LANGUAGE CODE
Language code of text/sound track or separate title eng
080 ## - UNIVERSAL DECIMAL CLASSIFICATION NUMBER
Universal Decimal Classification number 338
245 00 - TITLE STATEMENT
Title Investing in BRIC countries :
Statement of responsibility, etc edited by Svetlana Borodina and Oleg Shvyrkov ; with Jean-Claude Bouis.
942 ## - ADDED ENTRY ELEMENTS (KOHA)
Source of classification or shelving scheme
Item type Books
Holdings
Withdrawn status Lost status Source of classification or shelving scheme Damaged status Not for loan Collection code Permanent location Current location Shelving location Date acquired Total Checkouts Full call number Barcode Date last seen Koha item type Price effective from
          Koleksioni i përgjithshem UBT - Lipjan UBT - Lipjan Koleksioni i përgjithshem 06/01/2015   336 INV 002-020583 06/01/2015 Books  
          Koleksioni i përgjithshem UBT - Lipjan UBT - Lipjan Koleksioni i përgjithshem 03/15/2016   336 INV 002-024258 03/15/2016 Books 03/15/2016
          Koleksioni i përgjithshem UBT - Lipjan UBT - Lipjan Koleksioni i përgjithshem 03/15/2016   336 INV 002-024259 03/15/2016 Books 03/15/2016
          Koleksioni i përgjithshem UBT - Lipjan UBT - Lipjan Koleksioni i përgjithshem 03/15/2016   336 INV 002-024260 03/15/2016 Books 03/15/2016
          Koleksioni i përgjithshem UBT - Lipjan UBT - Lipjan Koleksioni i përgjithshem 11/07/2017   330.322 BOR 002-2937580 11/07/2017 Books 11/07/2017
          Koleksioni i përgjithshem UBT - Lipjan UBT - Lipjan Koleksioni i përgjithshem 11/07/2017   330.322 BOR 002-2937585 11/07/2017 Books 11/07/2017
          Koleksioni i përgjithshem UBT - Lipjan UBT - Lipjan Koleksioni i përgjithshem 11/07/2017   330.322 BOR 002-2937590 11/07/2017 Books 11/07/2017
          Koleksioni i përgjithshem UBT - Lipjan UBT - Lipjan Koleksioni i përgjithshem 11/07/2017   330.322 BOR 002-2937595 11/07/2017 Books 11/07/2017
          Koleksioni i përgjithshem UBT - Lipjan UBT - Lipjan Koleksioni i përgjithshem 11/07/2017   330.322 BOR 002-2937600 11/07/2017 Books 11/07/2017
          Koleksioni i përgjithshem UBT - Lipjan UBT - Lipjan Koleksioni i përgjithshem 11/07/2017   330.322 BOR 002-2937605 11/07/2017 Books 11/07/2017
          Koleksioni i përgjithshem UBT - Lipjan UBT - Lipjan Koleksioni i përgjithshem 11/07/2017   330.322 BOR 002-2937610 11/07/2017 Books 11/07/2017
          Koleksioni i përgjithshem UBT - Lipjan UBT - Lipjan Koleksioni i përgjithshem 11/07/2017   330.322 BOR 002-2937615 11/07/2017 Books 11/07/2017
          Koleksioni i përgjithshem UBT - Lipjan UBT - Lipjan Koleksioni i përgjithshem 11/07/2017   330.322 BOR 002-2937620 11/07/2017 Books 11/07/2017
          Koleksioni i përgjithshem UBT - Lipjan UBT - Lipjan Koleksioni i përgjithshem 11/07/2017   330.322 BOR 002-2937625 11/07/2017 Books 11/07/2017
UBT Library © 2015-2024. All rights reserved University Education for Business and Technology